000 00645nam a2200205Ia 4500
005 20230524114007.0
008 131103s9999 xx 000 0 und d
040 _aLoreto College
041 _aEnglish
082 _a331.12
_bSEN
100 _aSen Gupta, Pampa
245 _aLabour market segregation and gender-bias
_b discussion paper no. 2/2004(27)
_cPampa Sen Gupta
260 _aKolkata
_bCentre for Urban Economic Studies, Dept. of Economics
_c[2004]
300 _aiv,83 p.
_b ill., charts
504 _aIncludes bibliograpjhical references
650 _aLabour Market
651 _aGender Studies
850 _aLCLIB
942 _cBK
999 _c6218
_d56697